Ключевые тенденции, ускоряющие внедрение технологий в высшем образовании; Информационные технологии в науке, управлении, социальной сфере и медицине; Ч. 2

Bibliografski detalji
Parent link:Информационные технологии в науке, управлении, социальной сфере и медицине: сборник научных трудов V Международной научной конференции, 17-21 декабря 2018 г., Томск/ Национальный исследовательский Томский политехнический университет (ТПУ) ; Томский государственный педагогический университет (ТГПУ) ; под ред. О. Г. Берестневой [и др.].— , 2018
Ч. 2.— 2018.— [С. 211-213]
Glavni autor: Нерушкина Е. С.
Autor kompanije: Национальный исследовательский Томский политехнический университет (ТПУ)
Sažetak:Заглавие с титульного экрана
Now education is aimed to the developing of new innovative technologies. Universities and colleges are gradually changing their views on their organizations and infrastructures, trying to figure out how to make them more flexible. There are six key trends for acceleration of the process of technology adoption in this article. Universities and colleges are gradually changing their views on their organizations and infrastructures, trying to figure out how to make them more flexible. It will create an interest in learning, self-development and also will make study more effective.
Jezik:ruski
Izdano: 2018
Serija:Информационные технологии в образовании. Электронное обучение
Teme:
Online pristup:http://earchive.tpu.ru/handle/11683/52325
Format: MixedMaterials Elektronički Poglavlje knjige
KOHA link:https://koha.lib.tpu.ru/cgi-bin/koha/opac-detail.pl?biblionumber=628917

MARC

LEADER 00000naa2a2200000 4500
001 628917
005 20231101133532.0
035 |a (RuTPU)RU\TPU\conf\29257 
035 |a RU\TPU\conf\29256 
090 |a 628917 
100 |a 20190116d2018 k y0rusy50 ca 
101 0 |a rus  |d eng 
102 |a RU 
105 |a y z 101zy 
135 |a drgn ---uucaa 
181 0 |a i  
182 0 |a b 
200 1 |a Ключевые тенденции, ускоряющие внедрение технологий в высшем образовании  |d The key tendencies that accelerate the implementation of technologies in higher educatione  |f Е. С. Нерушкина 
203 |a Текст  |c электронный 
225 1 |a Информационные технологии в образовании. Электронное обучение 
230 |a 1 компьютерный файл (pdf; 329 Kb) 
300 |a Заглавие с титульного экрана 
320 |a [Библиогр.: с. 212-213 (6 назв.)] 
330 |a Now education is aimed to the developing of new innovative technologies. Universities and colleges are gradually changing their views on their organizations and infrastructures, trying to figure out how to make them more flexible. There are six key trends for acceleration of the process of technology adoption in this article. Universities and colleges are gradually changing their views on their organizations and infrastructures, trying to figure out how to make them more flexible. It will create an interest in learning, self-development and also will make study more effective. 
461 1 |0 (RuTPU)RU\TPU\conf\29207  |t Информационные технологии в науке, управлении, социальной сфере и медицине  |o сборник научных трудов V Международной научной конференции, 17-21 декабря 2018 г., Томск  |o в 2 ч.  |f Национальный исследовательский Томский политехнический университет (ТПУ) ; Томский государственный педагогический университет (ТГПУ) ; под ред. О. Г. Берестневой [и др.]  |d 2018 
463 1 |0 (RuTPU)RU\TPU\conf\29209  |t Ч. 2  |v [С. 211-213]  |d 2018 
510 1 |a The key tendencies that accelerate the implementation of technologies in higher educatione  |z eng 
610 1 |a электронный ресурс 
610 1 |a труды учёных ТПУ 
610 1 |a innovations 
610 1 |a innovative educational technologies 
610 1 |a innovative process 
610 1 |a educational innovation 
610 1 |a the key tendencies 
610 1 |a инновации 
610 1 |a инновационные образовательные технологии 
610 1 |a образовательные инновации 
610 1 |a тенденции 
610 1 |a внедрение 
610 1 |a высшее образование 
700 1 |a Нерушкина  |b Е. С. 
712 0 2 |a Национальный исследовательский Томский политехнический университет (ТПУ)  |c (2009- )  |2 stltpush  |3 (RuTPU)RU\TPU\col\15902 
801 2 |a RU  |b 63413507  |c 20190118  |g RCR 
856 4 |u http://earchive.tpu.ru/handle/11683/52325 
942 |c BK